| 000 | 02922cam a22006374i 4500 | ||
|---|---|---|---|
| 003 | PE-LiUPU | ||
| 005 | 20250731170449.0 | ||
| 008 | 150706s2009 mx a rb 001 0 spa d | ||
| 020 | _a6075000364 | ||
| 020 | _a9786075000367 | ||
| 035 | _a(Sirsi) i9786075000367 | ||
| 040 |
_aPE-LiUPU _bspa _cPE-LiUPU _dPE-LiUPU _erda |
||
| 049 | _aPRUA | ||
| 082 | 0 | 4 |
_a150.9 _bG656h _221 |
| 100 | 1 |
_aGoodwin, James, _eautor. |
|
| 245 | 1 | 0 |
_aHistoria de la psicología moderna / _cJames Goodwin. |
| 264 | 1 |
_aMéxico : _bLimusa Wiley, _c2009. |
|
| 300 |
_a537 páginas : _bilustraciones ; _c24 centímetros. |
||
| 336 |
_atext _2rdacontent |
||
| 337 |
_aunmediated _2rdamedia |
||
| 338 |
_avolume _2rdacarrier |
||
| 504 | _aBibliografía : páginas 479-501. | ||
| 504 | _aÍndice : páginas 521-537. | ||
| 505 | 0 | _aIntroducción a la historia de la psicología -- El contexto filosófico -- El contexto neurofisiológico -- Wundt y la psicología alemana -- El siglo de Darwin: pensamiento evolutivo -- Pioneros de la psicología en Estados Unidos -- Estructuralismo y funcionalismo -- Aplicación de la nueva psicología -- Psicología de la Gestalt -- Orígenes del conductismo -- Evolución del conductismo -- Las enfermedades mentales y su tratamiento -- Psicólogos en la práctica profesional -- La ciencia de la psicología en la posguerra -- Vinculación entre pasado y presente de la psicología. | |
| 526 | _aSEG68 | ||
| 526 | _aSEG70 | ||
| 526 | _aSEG69 | ||
| 526 | _aSEG67 | ||
| 526 | _aSEG43 | ||
| 526 | _aP144 | ||
| 526 | _aP143 | ||
| 526 | _aP131 | ||
| 526 | _aP122 | ||
| 526 | _aP120 | ||
| 526 | _aP117 | ||
| 526 | _aP112 | ||
| 526 | _aP110 | ||
| 526 | _aP106 | ||
| 526 | _aP101 | ||
| 526 | _aP80 | ||
| 526 | _aP59 | ||
| 526 | _aP54 | ||
| 526 | _aP35 | ||
| 526 | _aP33 | ||
| 526 | _aP30 | ||
| 650 | 1 | 4 |
_aPsicología _yHistoria. |
| 942 |
_2ddc _cBK |
||
| 949 |
_a150 _wDEWEY _c1 _iFJ01524 _lCCODEBUJ1 _mBUJ _p39.00 _r0 _sY _tBOOK _u2015-12-10 _xSALUD _0COMPRA _o.STAFF. Colección General Juliaca |
||
| 949 |
_a150 G72 2009 _wDEWEY _c2 _iFJ01535 _d2016-9-14 _e2016-9-12 _lCCODEBUJ1 _mBUJ _n1 _p39.00 _r0 _sY _tBOOK _u2016-8-24 _xSALUD _0COMPRA _o.STAFF. Colección General Juliaca |
||
| 949 |
_a150 G72 2009 _wDEWEY _c3 _iFJ01547 _lCCODEBUJ1 _mBUJ _p39.00 _r0 _sY _tBOOK _u2016-8-25 _xSALUD _0COMPRA _o.STAFF. Colección General Juliaca |
||
| 949 |
_a150 G72 2009 _wDEWEY _c4 _iFJ01548 _d2016-11-10 _e2016-11-8 _lCCODEBUJ1 _mBUJ _n3 _p39.00 _r0 _sY _tBOOK _u2016-8-25 _xSALUD _0COMPRA _o.STAFF. Colección General Juliaca |
||
| 949 |
_a150.9 G72 _wDEWEY _c1 _i61780 _d2016-10-20 _e2016-10-20 _lCCODEBUL1 _mBUL _n34 _p39.00 _r0 _sY _tBOOK _u2015-7-6 _xSALUD _0COMPRA _o.STAFF. Colección Ciencias de la Salud |
||
| 999 |
_c50943 _d50943 |
||
| 980 |
_81 _gALBERTO SANCHEZ Responsable de Automatización |
||